Detalles MARC
| 000 -CABECERA |
| campo de control de longitud fija |
01013cam a2200277 i 4500 |
| 001 - NÚMERO DE CONTROL |
| campo de control |
000006797 |
| 005 - FECHA Y HORA DE LA ÚLTIMA TRANSACCIÓN |
| campo de control |
20200929154008.0 |
| 008 - DATOS DE LONGITUD FIJA--INFORMACIÓN GENERAL |
| campo de control de longitud fija |
790124s1978 sp b 000 0 spa |
| 010 ## - NÚMERO DE CONTROL DE LA BIBLIOTECA DEL CONGRESO |
| Número de control de LC |
78391173 |
| 015 ## - NÚMERO DE BIBLIOGRAFÍA NACIONAL |
| Número de bibliografía nacional |
Sp*** |
| 020 ## - NÚMERO INTERNACIONAL ESTÁNDAR DEL LIBRO |
| Número Internacional Estándar del Libro |
8427604378 : |
| Condiciones de disponibilidad |
200ptas |
| 040 ## - FUENTE DE LA CATALOGACIÓN |
| Centro catalogador/agencia de origen |
DO-SdBNP |
| Centro/agencia transcriptor |
DLC |
| Centro/agencia modificador |
DLC |
| 043 ## - CÓDIGO DE ÁREA GEOGRÁFICA |
| Código de área geográfica |
e-sp--- |
| 050 00 - SIGNATURA TOPOGRÁFICA DE LA BIBLIOTECA DEL CONGRESO |
| Número de clasificación |
LC5056.S8 |
| Número de documento/Ítem |
C28 1978 |
| 100 1# - ENTRADA PRINCIPAL--NOMBRE DE PERSONA |
| Nombre de persona |
Campomanes, Pedro Rodriguez, |
| Títulos y otros términos asociados al nombre |
conde de, |
| Fechas asociadas al nombre |
1723-1803. |
| 9 (RLIN) |
18880 |
| 245 10 - MENCIÓN DE TÍTULO |
| Título |
Discurso sobre la educacion popular / |
| Mención de responsabilidad, etc. |
Pedro R. de Campomanes ; edicion preparada por F. Aguilar Pinal. |
| 260 ## - PUBLICACIÓN, DISTRIBUCIÓN, ETC. |
| Lugar de publicación, distribución, etc. |
Madrid : |
| Nombre del editor, distribuidor, etc. |
Editora Nacional, |
| Fecha de publicación, distribución, etc. |
1978. |
| 300 ## - DESCRIPCIÓN FÍSICA |
| Extensión |
271 p. ; |
| Dimensiones |
18 cm. |
| 490 0# - MENCIÓN DE SERIE |
| Mención de serie |
Biblioteca de la literatura y el pensamiento hispanicos ; 31 |
| 504 ## - NOTA DE BIBLIOGRAFÍA, ETC. |
| Nota de bibliografía, etc. |
Includes bibliographical references. |
| 650 #0 - PUNTO DE ACCESO ADICIONAL DE MATERIA--TÉRMINO DE MATERIA |
| Término de materia o nombre geográfico como elemento de entrada |
Working class |
| Subdivisión general |
Education |
| Subdivisión geográfica |
Spain |
| Subdivisión general |
History. |
| 9 (RLIN) |
18881 |
| 650 #0 - PUNTO DE ACCESO ADICIONAL DE MATERIA--TÉRMINO DE MATERIA |
| Término de materia o nombre geográfico como elemento de entrada |
Vocational education |
| Subdivisión geográfica |
Spain |
| Subdivisión general |
History. |
| 9 (RLIN) |
18882 |
| 650 #0 - PUNTO DE ACCESO ADICIONAL DE MATERIA--TÉRMINO DE MATERIA |
| Término de materia o nombre geográfico como elemento de entrada |
Guilds |
| Subdivisión geográfica |
Spain |
| Subdivisión general |
History. |
| 9 (RLIN) |
18883 |
| 700 2# - PUNTO DE ACCESO ADICIONAL--NOMBRE DE PERSONA |
| Nombre de persona |
Aguilar Pinal, Francisco. |
| 9 (RLIN) |
18884 |
| 910 ## - DATOS DE OPCIÓN DEL USUARIO (OCLC) |
| Datos de opción del usuario |
Catalogación por copia / LC |